| 000 | 00528cam a2200193ua 4500 | ||
|---|---|---|---|
| 001 | 933 | ||
| 008 | 110423n ii |||gr||||Z||||||eng | ||
| 020 | _a81-85319-62-6 | ||
| 040 | _cMAIN | ||
| 082 | _a320.9541 | ||
| 245 | 1 | 3 |
_aPolitics of regionalism in Northeast India. _cBy Girin Phukan. |
| 250 | _a1st. | ||
| 260 |
_aNew Delhi.: _bSpectrum publications.,996. |
||
| 300 |
_a141 p.: _c21 cm. |
||
| 653 | _aPolitical science. | ||
| 653 | _aPolitcs of regionalism in northeast India. | ||
| 700 | _aPhukan, Girish., | ||
| 942 | _cBK | ||
| 999 |
_c856 _d856 |
||